000 00840nam a2200205Ia 4500
003 GCL
008 140319s9999 xx 000 0 ara d
020 _a7312310977
040 _aGCL /
_cGCL
082 0 4 _aق
_b962.031
_bح م
100 1 _aحلمى احمد شلبى
245 1 0 _aالمجتمع الريفى فى عصر محمد على :
_bدراسة عن اقليم المنوفية /
_cحلمى احمد شلبى
260 _aالقاهرة :
_bالهيئة المصرية العامة للكتاب ،
_c1992
300 _a179 ص ؛
_c19 سم
490 _aتاريخ المصريين
_v56
650 0 4 _aمصر - تاريخ - العصر الحديث - عصر محمد على ( 1805- 1849 م )
650 0 4 _aالمجتمعات الريفية - مصر
650 0 4 _aمصر - الاحوال الاجتماعية
942 _2ddc
_cBK
999 _c52872
_d52872